000
00255nam a2200097Ia 4500
001
1069653
005
20250827001851.0
008
250824s9999 xx 000 0 und d
245
0
_a
TARİHİN ARKA SOKAKLARI
_c
YAVUZ BAHADIROĞLU
260
_b
PANAMA YAYINLARI
999
_c
1069653
_d
1069653